000 00673nam2a2200205 4500
001 RU\NLR\PER_B\2556765_1970_9
005 20250625091455.0
035 _a(NLR Aleph) 022024155
090 _a12521053
_c12521053
100 _a20230912d1970 |||y0rusy50 ca
101 0 _arus
102 _aRU
200 0 _aТ. 6, № 9
210 _d1970
_aБ. м.
461 0 _1001RU\NLR\INFOCOMM5\1000361511
_12001#$aНеорганические материалы$vТ. 6, № 9
_93067980
_cМ.
_d1965 -
_nНаука
_tНеорганические материалы
_x0002-337X
_vТ. 6, № 9
852 _aNLR
_jП11/2510
942 _cISSUE
980 _aNB
980 _aRUSPER